| 000 | 00467nam a2200181Ia 4500 | ||
|---|---|---|---|
| 001 | 74006 | ||
| 008 | 160804s9999||||xx |||||||||||||| ||und|| | ||
| 020 | _aNA | ||
| 040 | _cPK-LaUMT | ||
| 082 |
_a 956.70443 _bTAR-B |
||
| 100 | _aTariq Ali | ||
| 245 |
_aBush Babylon mein Iraq, qabzah, muzahmat (Urdu)/ _cTariq Ali|Farooq Sulehria |
||
| 260 |
_aLahore: _bJuddojuhad Matbuaat, _c2006 |
||
| 300 | _a245 p. | ||
| 546 | _aUR | ||
| 700 | _aFarooq Sulehria | ||
| 942 | _cBK | ||
| 999 |
_c87150 _d87150 |
||